Qaboos Namah (Record no. 2146)

MARC details
000 -LEADER
fixed length control field 00553nam a2200241 a 4500
020 ## - INTERNATIONAL STANDARD BOOK NUMBER
ISBN
082 00 - DEWEY DECIMAL CLASSIFICATION NUMBER
Classification number 297.1
Author Cutter SHA1
100 ## - MAIN ENTRY--AUTHOR NAME
Author name Shamsul, Moali
245 ## - TITLE STATEMENT
Title Qaboos Namah
260 ## - PUBLICATION, DISTRIBUTION, ETC. (IMPRINT)
Place of publication Bombay
Name of publisher No Publishers
Year of publication 1900
300 ## - PHYSICAL DESCRIPTION
Number of Pages 199p
500 ## - GENERAL NOTE
General note includes index and biblioraphy
505 2# - FORMATTED CONTENTS NOTE
Formatted contents note Index
650 ## - SUBJECT ADDED ENTRY--TOPICAL TERM
Topical Term Islam-Miscellany
942 ## - ADDED ENTRY ELEMENTS (KOHA)
Koha item type Books
700 1# -
-- Shamsul, Moali
Holdings
Home library Current library Date acquired Cost, normal purchase price Full call number Accession Number Koha item type
Henry Martyn Institute Library Henry Martyn Institute Library 07/30/2007 100.00 297.1 SHA1 4466 Archive Book
                   Copyright © 2026 | Henry Martyn Institute | Hyderabad | TS-500052 | INDIA | Implemented by hmi.edu.in
Hit-Count:

Powered by Koha